00622 2200157 4500001002100000008004100021035002000062245025500082100002200337260002200359300002100381084001600402082000800418650002400426990001400450INLIS000000000000169 ind  a0010-0525000150 aBuku Pintar Belajar Fisika untuk SMA/MA Kelas XIcRoslina Hidayati; Rita Diah Irawati; Wiwik Witaminah; Ellyst Rohela Siburian; Sri Dwi Astuty; Wis Yudo Abiantoro; Sujanti; Yuni Bintarawati; Kholifah; L. Eko Wibowo; Ichwatul Muzaida; Yayuk Soegiharti aHidayati, Roslina bSagufindo Kinarya a324 hlm.c28 cm. a530 HID b-1 a530 aPendidikan - Fisika a000000179